| 000 | 00595nam a22002177a 4500 | ||
|---|---|---|---|
| 999 |
_c6773 _d6773 |
||
| 001 | 6773 | ||
| 003 | BD-JhCC | ||
| 005 | 20180131152522.0 | ||
| 008 | 180130b xxu||||| |||| 00| 0 eng d | ||
| 035 | _a(BD-JhCC)6773 | ||
| 040 |
_aBD-JhCC _dBD-JhCC |
||
| 041 | _aeng | ||
| 082 |
_a833.914 _bBAU 1959 |
||
| 100 | _aBaumann, Hans | ||
| 245 |
_aSons of the Steppe : _bthe story of how the conqueror genghis khan was overcome / _cHans Baumann |
||
| 260 |
_aLondon : _bOxford University Press, _c1959. |
||
| 300 |
_a273 p. : _c22 cm. |
||
| 650 | _aKublai Khan | ||
| 942 |
_2ddc _cBK |
||